000
00341 a2200169 4500
001
188485
020
_a
85-7302-667-7RI
040
_c
Magnum
100
_a
Falcão, Adriana
240
1
0
_a
A máquina
_l
por
245
1
0
_a
A máquina
300
_a
109
362
0
_a
2005
440
1
_a
Objetiva
697
_a
LITERATURA GERAL
942
_c
BK
999
_c
188485
_d
188485